00768nam a2200157 a 450000100100000000500170001000800410002704000250006808200150009311101090010824500540021726001080027130000420037995201720042199900170059300003090120200930062559.0110606s1944 dr ac r 000 0 spa d aDO-SdBNPbspacBNPHU axxxxbxxxx2 aExposición nacional de artes plasticasd(1944:cCiudad Trujillon2: 29 de febrero al 15 marzo )95742210aSegunda exposición nacional de artes plasticas. aCiudad Trujillo, República Dominicana :bSecretaría de Estado de Educación y Bellas Artes,c1944. a1 v. en varias paginaciones ;c24 cm. 0010718PDaPDbPDcCTd2011-06-06iLF1l0oxxxx xxxxp30901-10r2020-06-25w2020-06-25yLFPDzPerteneció a la biblioteca personal de Martínez Boog.ZNo se presta c30393d30393